000
00216 a2200097 4500
001
14663
100
_a
Muhammad Iqbal Javed
245
_a
Makhzan Naat
260
_a
Lahore
_b
Elmi Kitab Khana
_c
090
_c
11449
_d
11449
942
_a
NUST-CAE
_c
M
_c
1613
999
_c
249736
_d
249736